Manual del diputado / (Registro nro. 5225)

Detalles MARC
000 -LEADER
fixed length control field 01062nam a2200253Ia 4500
003 - CONTROL NUMBER IDENTIFIER
control field OSt
005 - DATE AND TIME OF LATEST TRANSACTION
control field 20200511113352.0
008 - FIXED-LENGTH DATA ELEMENTS--GENERAL INFORMATION
fixed length control field 191128s2011 ck gr 000 0dspa d
020 ## - INTERNATIONAL STANDARD BOOK NUMBER
International Standard Book Number 9789589974681
040 ## - CATALOGING SOURCE
Original cataloging agency CO-JMCR
Transcribing agency CO-JMCR
041 0# - LANGUAGE CODE
Language code of text/sound track or separate title spa
082 04 - DEWEY DECIMAL CLASSIFICATION NUMBER
Classification number 328.1861 /
Item number G371m
Edition number 23
100 1# - MAIN ENTRY--PERSONAL NAME
Personal name Giraldo Henao, Iván,
Relator term autor
9 (RLIN) 3703
245 10 - TITLE STATEMENT
Title Manual del diputado /
Statement of responsibility, etc. Iván Giraldo Henao, Leonel Quintero González y Luis Alberto Mora Rodríguez
250 ## - EDITION STATEMENT
Edition statement Primera edición
260 ## - PUBLICATION, DISTRIBUTION, ETC.
Place of publication, distribution, etc. Pereira :
Name of publisher, distributor, etc. Universidad Libre de Colombia,
Date of publication, distribution, etc. 2011
300 ## - PHYSICAL DESCRIPTION
Extent 102 páginas ;
Dimensions 24 cm.
500 ## - GENERAL NOTE
General note Incluye datos biográficos de los autores en la solapa.
505 0# - FORMATTED CONTENTS NOTE
Formatted contents note El Estado colombiano -- Los servidores públicos departamentales -- Organismos de control y vigilancia en el departamento -- La asamblea departamental -- Las ordenanzas -- Los diputados
650 14 - SUBJECT ADDED ENTRY--TOPICAL TERM
Topical term or geographic name entry element Cuerpos legislativos
General subdivision manuales
Geographic subdivision Colombia
9 (RLIN) 4162
700 1# - ADDED ENTRY--PERSONAL NAME
Personal name Quintero González, Leonel,
Relator term autor
9 (RLIN) 4163
700 1# - ADDED ENTRY--PERSONAL NAME
Personal name Mora Rodríguez, Luis Alberto,
Relator term autor
9 (RLIN) 4164
942 ## - ADDED ENTRY ELEMENTS (KOHA)
Source of classification or shelving scheme Dewey Decimal Classification
Koha item type Books
Existencias
Withdrawn status Lost status Source of classification or shelving scheme Damaged status Not for loan Collection code Home library Current library Date acquired Source of acquisition Cost, normal purchase price Total Checkouts Full call number Barcode Date last seen Copy number Koha item type
    Dewey Decimal Classification     Non-fiction Biblioteca Pública José María del Castillo y Rada Biblioteca Pública José María del Castillo y Rada 04/15/2018 Donación 0.00   328.1861 / G371m 430001651 05/16/2024 Ej.1 Books